Statistics for 10 Countries With The Strongest Navies

Click here to take the quiz!

General Stats

  • This quiz has been taken 92 times
  • The average score is 9 of 10

Answer Stats

HintAnswer% Correct
Most Populated CountryChina
100%
Moscow, St PetersburgRussia
100%
Revolutionary War WinnerUSA
96%
City of Love is its capitalFrance
91%
Ahmedabad, Bangalore, CalcuttaIndia
88%
Defeated The Spanish Armada 1588UK
85%
Part of China?Taiwan
82%
Nero, Caligula, Augustus all ruled an empire which started in this countryItaly
80%
Contains The Safest City In The WorldJapan
80%
2018 Winter OlympicsSouth Korea
76%

Score Distribution

Percentile by Number Answered

Percent of People with Each Score

Your Score History

You have not taken this quiz